000 01363nam2a22002411 4500
001 RU\NLR\INFOCOMM16\1000062142
005 20250617060545.0
035 _a(NLR Aleph) 002509502
090 _a2666085
_c2666085
100 _a20040407d1978 |||y0rusy50 ca
101 0 _arus
102 _aRU
105 _ay |||||||||
200 1 _aИсследования режима и расчеты водного баланса озер-водохранилищ Карелии
210 _d1978
_aБ. м.
461 0 _1001RU\NLR\INFOCOMM16\1000062130
_12001#$aСборник работ Ленинградского гидрометеорологического центра$fСев.-Зап. террит. упр. по гидрометеорологии и контролю природ. среды$vВып.11
_92666051
_aЛенинградский гидрометеорологический центр
_cЛ.
_d1962-
_fСев.-Зап. террит. упр. по гидрометеорологии и контролю природ. среды
_nГидрометеоиздат
_tСборник работ Ленинградского гидрометеорологического центра
_x0134-8205
_vВып.11
801 1 _aRU
_bInfoComm
_c20040407
801 0 _aRU
_bNLR
_gPSBO
852 _aNLR
_jП7/935
942 _cISSUE
980 _aNB
980 _aRUSPER